Domótica e inmótica KNX : guía práctica para el instalador /
Saved in:
| Hovedforfatter: | |
|---|---|
| Format: | Electronisk eBog |
| Sprog: | spansk |
| Udgivet: |
El Masnou, Barcelona :
ediciones experiencia,
[2011]
|
| Fag: | |
| Online adgang: | Digitalia Hispánica |
| Tags: |
Tilføj Tag
Ingen Tags, Vær først til at tagge denne postø!
|
MARC
| LEADER | 00000nam a2200000Ii 4500 | ||
|---|---|---|---|
| 001 | DIGEXPE0014 | ||
| 003 | NyNyDIG | ||
| 006 | m o d | ||
| 007 | cr ||||||||||| | ||
| 008 | 220701s2011 sp o 000 0 spa d | ||
| 035 | |a (OCoLC)905857461 | ||
| 040 | |a DGITA |b eng |e rda |e pn |c DGITA | ||
| 020 | |a 9788415179443 |q pdf | ||
| 020 | |z 9788415179122 | ||
| 050 | 1 | 4 | |a TH6012 ebook |
| 082 | 0 | 4 | |a 696 |
| 100 | 1 | |a Núñez, Antonio |q (Núñez Sebastián), |e author. | |
| 245 | 1 | 0 | |a Domótica e inmótica KNX : |b guía práctica para el instalador / |c Antonio Núñez. |
| 264 | 1 | |a El Masnou, Barcelona : |b ediciones experiencia, |c [2011] | |
| 300 | |a 1 online resource : |b illustrations. | ||
| 336 | |a text |b txt |2 rdacontent | ||
| 337 | |a computer |b c |2 rdamedia | ||
| 338 | |a online resource |b cr |2 rdacarrier | ||
| 347 | |a text file |2 rdaft | ||
| 347 | |b PDF | ||
| 588 | 0 | |a Online resource; title from PDF title page (Digitalia, viewed July 1, 2022) | |
| 650 | 0 | |a Home automation. | |
| 650 | 0 | |a Intelligent buildings. | |
| 655 | 0 | |a Electronic books. | |
| 791 | 2 | |a Digitalia (Firm), |e distributor. | |
| 793 | 0 | |g Digitalia eBook Collection: |a Ediciones Experiencia | |
| 776 | 0 | 8 | |i Print version: |a Núñez, Antonio (Núñez Sebastián). |t Domótica e inmótica KNX. |b Primera edición. |d El Masnou, Barcelona : ediciones experiencia, [2011] |z 9788415179122 |
| 856 | 4 | 0 | |3 Digitalia Hispánica |u https://digitalia.unach.elogim.com/a/36999/ |
| 910 | |a Premium collection: 2022 | ||